Detalles MARC
| 000 -LÍDER |
| Campo fijo de descripción fija |
02645aam a2200325 i 4500 |
| 001 - NÚMERO DE CONTROL |
| Campo de control |
768714001 |
| 003 - IDENTIFICADOR DEL NÚMERO DE CONTROL |
| Campo de control |
CO-MdFUSB |
| 005 - FECHA Y HORA DE LA ULTIMA TRANSACCIÓN |
| control field |
20231006091811.0 |
| 007 - CAMPO FIJO DE DESCRIPCIÓN FIJA--INFORMACIÓN GENERAL |
| Campo fijo de descripción fija |
ta |
| 008 - ELEMENTOS DE LONGITUD FIJA -- INFORMACIÓN GENERAL |
| Campo fijo de descripción fija -- Información general |
230927t20112011ck ||||g |||| 00| 0 spa d |
| 020 ## - NÚMERO INTERNACIONAL NORMALIZADO PARA LIBROS |
| Número Internacional Normalizado del libro |
9789585727809 |
| 040 ## - FUENTE DE CATALOGACIÓN |
| Agencia de catalogación original |
CO-MdFUSB |
| Idioma de catalogación |
spa |
| Agencia que realiza la transcripción |
CO-MdFUSB |
| Agencia que realiza la modificación |
CO-MdFUSBC |
| Convenciones de la descripción |
rda |
| 041 ## - CÓDIGO DE IDIOMA |
| Código de idioma para texto/pista de sonido o título separado |
spa |
| 082 ## - NÚMERO DE CLASIFICACIÓN DECIMAL DEWEY |
| Número de la edición del Dewey |
23 |
| Número de clasificación |
249 |
| Clave de autor-Numero de item |
AL473 |
| 100 ## - ASIENTO PRINCIPAL--NOMBRE PERSONAL |
| Nombre personal |
Álvarez Vélez, John Jáder, |
| Término relacionador |
autor |
| 245 ## - TÍTULO |
| Título del Material |
Síndromes en la familia |
| Mención de responsabilidad, etc. |
/ John Jáder Álvarez Vélez |
| 264 #1 - PRODUCCIÓN, PUBLICACIÓN, DISTRIBUCIÓN, MANUFACTURA, Y COPYRIGHT |
| Lugar de producción, publicación, distribución, manufactura |
Medellín, Colombia : |
| Nombre del productor, publicador, distribuidor |
Pensamiento, |
| Fecha de producción, publicación, distribución, manufactura, o copyright |
[2011] |
| 264 #4 - PRODUCCIÓN, PUBLICACIÓN, DISTRIBUCIÓN, MANUFACTURA, Y COPYRIGHT |
| Fecha de producción, publicación, distribución, manufactura, o copyright |
©2011 |
| 300 ## - DESCRIPCIÓN FÍSICA |
| Extensión |
204 páginas |
| Dimensiones |
; 22 cm. |
| 336 ## - TIPO DE CONTENIDO |
| Fuente |
rdacontent |
| Término de tipo de contenido |
texto |
| Código de tipo de contenido |
txt |
| 337 ## - TIPO DE MEDIO |
| Fuente |
rdamedia |
| Nombre del tipo de medio |
sin mediación |
| Código del tipo de medio |
n |
| 338 ## - TIPO DE SOPORTE |
| Fuente |
rdacarrier |
| Nombre del tipo de soporte |
volumen |
| Código Tipo de soporte |
nc |
| 504 ## - NOTA DE BIBLIOGRAFÍA, ETC. |
| Nota de bibliografía, etc |
Incluye índice |
| 505 ## - NOTA DE CONTENIDO |
| Nota de contenido con formato preestablecido |
I. Síndrome de David: identifiquemos el síndrome -- Enfrentemos el síndrome -- Hagamos una evaluación de corazón -- II. Síndrome de Elí: Identifiquemos el síndrome --Enfrentemos el síndrome -- Hagamos una evaluación de corazón -- III. Síndrome de Isaac: Identifiquemos el síndrome -- Enfrentemos el síndrome -- Hagamos una evaluación de corazón. |
| 520 ## - NOTA DE RESUMEN, ETC. |
| Nota de sumario, etc. |
Tres personajes bíblicos que vivieron profundas crisis familiares, recrean desde la experiencia de sus historias complejos síntomas de enfermedades que pueden atacar la estructura de un hogar y destruirle totalmente.<br/>El Rey David, El Sumo Sacerdote Elí y el Patriarca Isaac, vistos con el lente de un antropólogo, dimensionados desde el entorno que les rodeaba.<br/>El autor, un estudioso de las Escrituras, lanza intrépidas teorías sobre las causas que llevaron al estado de máxima tensión en sus familias a estos íconos bíblicos.<br/>Descubra desde la posición del pastor John Jáder Álvarez Vélez, ¿Por qué Isaac amó más a Esaú que a Jacob? ¿Cómo se originó el error del Sacerdote Elí en su función paterna? ¿Por qué el rey David quedó sin reacción ante la terrible violación de Ammón a Tamar y la insurrección de Absalón?<br/>En la vibrante narración de estas tres historias, perciba el entorno de vida de los patriarcas desde la mirada estricta de un investigador social, detalles y acercamientos a las prácticas sacerdotales y los símbolos que acompañaban los sacrificios en los tiempos de los Jueces de Israel, y la vida del rey David bajo una perspectiva intensa y dramática.<br/>Descubra cómo la tragedia de estos personajes puede estar repitiéndose hoy en día en miles de hogares, y encuentre soluciones para evitar y sanar estos mortales Síndromes en la Familia. |
| 563 ## - NOTA DE ENCUADERNACIÓN |
| Nota de encuadernación |
Rústico |
| 650 #7 - ASIENTO SECUNDARIO DE MATERIA - TERMINO TEMÁTICO |
| 9 (RLIN) |
224 |
| Término temático o nombre geográfico como elemento de entrada |
Familia y enseñanza |
| 942 ## - TIPO DE MATERIAL (KOHA) |
| Tipo de Item KOHA |
Libros General |
| 945 ## - INFORMACIÓN LOCAL DEL REGISTRO |
| Catalogador |
sor1564 |